UBT Library

Recording on the go : (Record no. 42014)

000 -LEADER
fixed length control field 00805cam a22002537a 4500
001 - CONTROL NUMBER
control field 15327511
005 - DATE AND TIME OF LATEST TRANSACTION
control field 20180207072115.0
008 - FIXED-LENGTH DATA ELEMENTS--GENERAL INFORMATION
fixed length control field 080612s2008 maua f 001 0 eng d
010 ## - LIBRARY OF CONGRESS CONTROL NUMBER
LC control number 2008931029
020 ## - INTERNATIONAL STANDARD BOOK NUMBER
International Standard Book Number 9781598635010
020 ## - INTERNATIONAL STANDARD BOOK NUMBER
International Standard Book Number 1598635018
035 ## - SYSTEM CONTROL NUMBER
System control number (OCoLC)ocn181600809
040 ## - CATALOGING SOURCE
Original cataloging agency BTCTA
Transcribing agency BTCTA
Modifying agency BAKER
-- YDXCP
-- TXA
-- DLC
041 ## - LANGUAGE CODE
Language code of text/sound track or separate title eng
042 ## - AUTHENTICATION CODE
Authentication code lccopycat
080 ## - UNIVERSAL DECIMAL CLASSIFICATION NUMBER
Universal Decimal Classification number 621.389.32 gar
082 00 - DEWEY DECIMAL CLASSIFICATION NUMBER
Classification number 621.389.32 gar
Edition number 22
100 1# - Rafti
Rafti 40
101 ## - Shkurtesa
Shkurtesa MED
245 10 - TITLE STATEMENT
Title Recording on the go :
Statement of responsibility, etc Gary Gottlieb and Paul Hennerich.
906 ## - LOCAL DATA ELEMENT F, LDF (RLIN)
a 7
b cbc
c copycat
d 2
e ncip
f 20
g y-gencatlg
942 ## - ADDED ENTRY ELEMENTS (KOHA)
Source of classification or shelving scheme
Item type Books
Holdings
Withdrawn status Lost status Source of classification or shelving scheme Damaged status Not for loan Permanent location Current location Date acquired Total Checkouts Full call number Barcode Date last seen Price effective from Koha item type Collection code Shelving location
          UBT - Lipjan UBT - Lipjan 02/07/2018   621.389.32 GAR 002-2998958 02/07/2018 02/07/2018 Books    
          UBT - Lipjan UBT - Lipjan 02/07/2018   621.389.32 GAR 002-2998963 02/07/2018 02/07/2018 Books    
          UBT - Lipjan UBT - Lipjan 02/07/2018   621.389.32 GAR 002-2998968 02/07/2018 02/07/2018 Books Koleksioni i përgjithshem Koleksioni i përgjithshem
          UBT - Lipjan UBT - Lipjan 02/07/2018   621.389.32 GAR 002-2998973 02/07/2018 02/07/2018 Books Koleksioni i përgjithshem Koleksioni i përgjithshem
UBT Library © 2015-2024. All rights reserved University Education for Business and Technology